A Practical Guide to Neural Nets

Αποθηκεύτηκε σε:
Λεπτομέρειες βιβλιογραφικής εγγραφής
Κύριος συγγραφέας: Nelson, Marilyn McCord
Άλλοι συγγραφείς: Illingworth, W. T.
Μορφή: Βιβλίο
Γλώσσα:English
Δημοσίευση: Reading : Addison-Wesley Publishing company, 1994
Θέματα:
Ετικέτες: Προσθήκη ετικέτας
Δεν υπάρχουν, Καταχωρήστε ετικέτα πρώτοι!

MARC

LEADER 00000nam a2200000 i 4500
001 1/62200
008 960222s1994 eng d
020 |a 0-201-52376-0 
035 |a 1995  |c ΔΑΡΖΕΝΤΑΣ  |l 10046569 
040 |a GR-MY-UA  |b gre  |e aacr 
041 0 |a eng 
082 0 |a 006.3 
100 1 |a Nelson, Marilyn McCord. 
245 1 2 |a A Practical Guide to Neural Nets /  |c Marilyn McCord Nelson and W. T. Illingworth 
260 |a Reading :   |b Addison-Wesley Publishing company,   |c 1994 
300 |a 330 p.;  |c 24 cm.+  |e Includes disk 5 1/4" 
500 |a Includes index 
650 0 0 |a Neural networks (Computer science) 
700 1 |a Illingworth, W. T. 
852 |a INST  |b SAMOS  |e 19960222  |h 006.3 NEL  |p 005300005017  |q 005300005017  |t BK  |y 0 
852 |a INST  |b SAMOS  |e 19981120  |h 006.3 NEL   |p 005300013791  |q 005300013791  |t BK  |y 0 
909 |a Σ  |b 040794 
909 |a Σ  |b 060507